000 00348nam a2200133Ia 4500
008 220217s9999||||xx |||||||||||||| ||und||
082 _a510 GRE
100 _aGrewal B.S
245 0 _aHigher engineering mathematics
250 _a43rd
260 _aKhanna publishers
_bNew Delhi
_c2014
300 _aXI, 1315p.
_b625
650 _aMATHEMATICS
999 _c185341
_d185341